तीर्थराज पुष्कर (Record no. 6975)

MARC details
000 -LEADER
fixed length control field 01023 a2200229 4500
005 - DATE AND TIME OF LATEST TRANSACTION
control field 20080912121032.0
008 - FIXED-LENGTH DATA ELEMENTS--GENERAL INFORMATION
fixed length control field 080912t xxu||||| |||| 00| 0 hin d
010 ## - LIBRARY OF CONGRESS CONTROL NUMBER
LC control number HIN-80730
020 ## - INTERNATIONAL STANDARD BOOK NUMBER
International Standard Book Number 8189435167
Terms of availability 250.00
035 ## - SYSTEM CONTROL NUMBER
System control number HN-53076
037 ## - SOURCE OF ACQUISITION
Source of stock number/acquisition D.B.Act / pub
082 ## - DEWEY DECIMAL CLASSIFICATION NUMBER
Classification number 230.91
100 ## - MAIN ENTRY--PERSONAL NAME
Personal name पिंजानी, प्रताप
245 ## - TITLE STATEMENT
Title तीर्थराज पुष्कर
Statement of responsibility, etc प्रताप पिंजानी
246 ## - VARYING FORM OF TITLE
Title proper/short title Tirathraj Pushkar
Remainder of title by Partap Pinjani
260 ## - PUBLICATION, DISTRIBUTION, ETC. (IMPRINT)
Place of publication, distribution, etc अजमेर
Name of publisher, distributor, etc छवि पब्लिकेशन्स
Date of publication, distribution, etc 2007
270 ## - ADDRESS
Address कचहरी रोड
City अजमेर
300 ## - PHYSICAL DESCRIPTION
Extent 192पृ
Dimensions 22 सेमी(सजिल्द)
650 ## - SUBJECT ADDED ENTRY--TOPICAL TERM
Topical term or geographic name as entry element Religion
942 ## - ADDED ENTRY ELEMENTS (KOHA)
Institution code [OBSOLETE] dpl
Koha item type Hindi Books
Call number prefix 230.91 / पिंजानी
Source of classification or shelving scheme Dewey Decimal Classification
Classification part 230.91
Call number suffix पिंजानी
Holdings
Withdrawn status Lost status Damaged status Not for loan Home library Current library Date acquired Cost, normal purchase price Total Checkouts Full call number Barcode Date last seen Copy number Uniform Resource Identifier Cost, replacement price Price effective from Koha item type
        D.B.Act.Division D.B.Act.Division 12/09/2008 250.00   230.91 पिंजानी HN-53076 15/09/2008 1 7486 250.00 15/09/2008 Hindi Books

© Delhi Public Library
Hit Counter
free hit counter